[Event "Bergen Sommer Super-NGP 2019"]
[Site "USF Sardinen, Verftet, Bergen"]
[Date "2019.07.31"]
[Round "6"]
[White "Sørensen, Simen"]
[Black "Unneland, Mathias"]
[Result "1/2-1/2"]
[WhiteElo "1979"]
[BlackElo "2008"]
[PlyCount "92"]
[EventDate "2019.??.??"]

1. d4 Nf6 2. c4 g6 3. Nc3 Bg7 4. e4 d6 5. f3 O-O 6. Be3 c5 7. Nge2 Nc6 8. Qd2
h5 9. b3 a6 10. d5 Ne5 11. Rc1 e6 12. Nf4 exd5 13. Nfxd5 Nxd5 14. Nxd5 Be6 15.
Be2 Nc6 16. O-O Nd4 17. Bd3 Bxd5 18. exd5 Re8 19. Bf4 Qd7 20. Rfe1 h4 21. Kh1
h3 22. Qf2 hxg2+ 23. Qxg2 a5 24. Qg3 a4 25. Bxd6 axb3 26. axb3 Nxb3 27. Rcd1
Rxe1+ 28. Rxe1 Re8 29. Rxe8+ Qxe8 30. f4 Nc1 31. Bxc5 Qa4 32. Qf3 Qa1 33. Bf1
Nb3 34. Bb4 Nd4 35. Qf2 Nf5 36. Bc5 Bf6 37. Qe2 Kg7 38. Bf2 Qc1 39. Qe1 Qxf4
40. Qe2 Bd4 41. Bxd4+ Nxd4 42. Qg2 Nf5 43. Kg1 Ne3 44. Qb2+ Kh7 45. Qe2 Qd4 46.
Qf2 Qg4+
1/2-1/2

[Event "Bergen Sommer Super-NGP 2019"]
[Site "USF Sardinen, Verftet, Bergen"]
[Date "2019.07.31"]
[Round "6"]
[White "Flatebø, Hallvard Haug"]
[Black "Fossan, Benjamin"]
[Result "1/2-1/2"]
[WhiteElo "1857"]
[BlackElo "1924"]
[PlyCount "53"]
[EventDate "2019.??.??"]

1. d4 Nf6 2. c4 g6 3. Nc3 d5 4. cxd5 Nxd5 5. Bd2 Bg7 6. e4 Nxc3 7. Bxc3 O-O 8.
Qd2 b6 9. Bc4 Bb7 10. f3 Nd7 11. Rd1 e5 12. d5 Re8 13. Ne2 c6 14. dxc6 Bxc6 15.
O-O b5 16. Bb3 Qb6+ 17. Kh1 a5 18. Bd5 Bxd5 19. Qxd5 Nf6 20. Qb3 b4 21. Bd2 Qa6
22. Ng3 Red8 23. Be3 Rac8 24. Rxd8+ Rxd8 25. Rd1 Rxd1+ 26. Qxd1 h6 27. Qd2
1/2-1/2

[Event "Bergen Sommer Super-NGP 2019"]
[Site "USF Sardinen, Verftet, Bergen"]
[Date "2019.07.31"]
[Round "6"]
[White "Evenshaug, Amadeus Hestvik"]
[Black "Takle, Mikael"]
[Result "0-1"]
[WhiteElo "1769"]
[BlackElo "1737"]
[PlyCount "56"]
[EventDate "2019.??.??"]

1. e4 c5 2. Nf3 e6 3. d4 cxd4 4. Nxd4 Bc5 5. Nb3 Bb6 6. Nc3 Ne7 7. Be2 O-O 8.
O-O f5 9. Bg5 fxe4 10. Nxe4 d5 11. Nec5 Qd6 12. Nd3 Nbc6 13. Bxe7 Nxe7 14. Qd2
e5 15. Qc3 Ng6 16. Rad1 e4 17. Ndc5 Nf4 18. Rfe1 Bc7 19. Qg3 Nxe2+ 20. Rxe2
Qxg3 21. hxg3 Bg4 22. f3 exf3 23. Re7 f2+ 24. Kf1 Bxd1 25. Rxc7 Be2+ 26. Kxe2
f1=Q+ 27. Ke3 Rae8+ 28. Kd4 Qc4#
0-1

[Event "Bergen Sommer Super-NGP 2019"]
[Site "USF Sardinen, Verftet, Bergen"]
[Date "2019.07.31"]
[Round "6"]
[White "Johannessen, Theo N"]
[Black "Rynning, Rune Kleiven"]
[Result "1/2-1/2"]
[WhiteElo "1504"]
[BlackElo "1620"]
[PlyCount "64"]
[EventDate "2019.??.??"]

1. d4 d5 2. Nf3 Nf6 3. c4 c6 4. Nc3 e6 5. Bg5 dxc4 6. e4 b5 7. e5 h6 8. Bh4 g5
9. exf6 gxh4 10. Ne5 Qxf6 11. a4 Bb4 12. g3 Qf5 13. Bg2 h3 14. Bf3 f6 15. Bh5+
Kf8 16. Ng6+ Kg7 17. Nxh8 Bxc3+ 18. bxc3 Qe4+ 19. Kd2 Qd3+ 20. Kc1 Qxc3+ 21.
Kb1 Kxh8 22. axb5 Na6 23. Qf3 Qxd4 24. Rd1 Qe5 25. Rd8+ Kh7 26. Qg4 Qe1+ 27.
Qd1 Qb4+ 28. Kc1 Nc5 29. Rh8+ Kg7 30. Rg8+ Kh7 31. Rh8+ Kg7 32. Rg8+ Kh7
1/2-1/2

[Event "Bergen Sommer Super-NGP 2019"]
[Site "USF Sardinen, Verftet, Bergen"]
[Date "2019.07.31"]
[Round "6"]
[White "Myren, Matias"]
[Black "Sivertsen, Jarle"]
[Result "1-0"]
[WhiteElo "1483"]
[BlackElo "1605"]
[PlyCount "157"]
[EventDate "2019.??.??"]

1. e4 d6 2. d4 Nf6 3. Bd3 Nbd7 4. f4 c5 5. e5 Nd5 6. e6 N7f6 7. exf7+ Kxf7 8.
Nf3 Bg4 9. O-O cxd4 10. Ng5+ Ke8 11. Qe1 Qd7 12. f5 g6 13. fxg6 e5 14. h3 hxg6
15. Bxg6+ Ke7 16. hxg4 Qxg4 17. Bf5 Qh5 18. Nh3 Bh6 19. Bxh6 Qxh6 20. Qa5 Qe3+
21. Kh1 Nh5 22. Rf3 Qc1+ 23. Kh2 Nhf4 24. Qb5 Nb6 25. Qf1 Qxf1 26. Rxf1 Nxh3
27. Bxh3 Nd5 28. c3 Ne3 29. Rf2 Ng4+ 30. Kg3 Nxf2 31. Kxf2 Raf8+ 32. Ke2 Rh4
33. Nd2 dxc3 34. bxc3 Ra4 35. Rb1 b6 36. Rb2 d5 37. Nf3 Kd6 38. Rc2 Rff4 39. g4
Rae4+ 40. Kf2 d4 41. cxd4 exd4 42. Kg3 Rf8 43. g5 Re3 44. Bg4 Kd5 45. Rc7 Ra3
46. Rd7+ Kc5 47. g6 Rg8 48. g7 Rxa2 49. Be6 Rxg7+ 50. Rxg7 Re2 51. Bf5 a5 52.
Rc7+ Kb4 53. Nxd4 Rb2 54. Kf3 a4 55. Nc2+ Ka5 56. Ra7+ Kb5 57. Bd3+ Kc5 58.
Rxa4 b5 59. Ra8 b4 60. Rc8+ Kb6 61. Rb8+ Kc5 62. Rb5+ Kd6 63. Nxb4 Rh2 64. Rd5+
Ke6 65. Bf5+ Kf6 66. Bg4 Rh1 67. Nd3 Rd1 68. Rf5+ Ke7 69. Nf4 Re1 70. Kg3 Kd6
71. Kh4 Re5 72. Rf6+ Ke7 73. Rb6 Kf7 74. Bh5+ Kg7 75. Rg6+ Kh7 76. Rf6 Re7 77.
Ne6 Ra7 78. Bg6+ Kg8 79. Rf8#
1-0

[Event "Bergen Sommer Super-NGP 2019"]
[Site "USF Sardinen, Verftet, Bergen"]
[Date "2019.07.31"]
[Round "7"]
[White "Unneland, Mathias"]
[Black "Turov, Maxim"]
[Result "0-1"]
[WhiteElo "2008"]
[BlackElo "2566"]
[PlyCount "82"]
[EventDate "2019.??.??"]

1. d4 Nf6 2. c4 e6 3. Nf3 Bb4+ 4. Bd2 a5 5. Nc3 b6 6. e3 Bb7 7. a3 Bxc3 8. Bxc3
Ne4 9. Rc1 O-O 10. Be2 d6 11. O-O a4 12. Nd2 Nxc3 13. Rxc3 Nd7 14. Bf3 Qb8 15.
Bxb7 Qxb7 16. Qf3 Qxf3 17. Nxf3 Rfb8 18. Ne1 Kf8 19. Nd3 c5 20. Rfc1 Ke7 21.
Kf1 Rc8 22. Ke2 Nb8 23. Rb1 Nc6 24. dxc5 bxc5 25. b4 axb3 26. Rbxb3 Rcb8 27.
Kd2 Rxb3 28. Rxb3 Na5 29. Rc3 Rb8 30. Kc2 g5 31. f3 h5 32. Nf2 f5 33. Nd3 e5
34. Nc1 f4 35. Nb3 Nxb3 36. Rxb3 Rxb3 37. Kxb3 fxe3 38. Kc3 d5 39. cxd5 c4 40.
a4 Kd6 41. a5 Kxd5
0-1

[Event "Bergen Sommer Super-NGP 2019"]
[Site "USF Sardinen, Verftet, Bergen"]
[Date "2019.07.31"]
[Round "7"]
[White "Mihajlov, Sebastian"]
[Black "Frisvold, Ole Emil"]
[Result "1-0"]
[WhiteElo "2375"]
[BlackElo "2127"]
[PlyCount "137"]
[EventDate "2019.??.??"]

1. d4 d5 2. Nf3 Nf6 3. c4 c6 4. e3 e6 5. Bd3 Nbd7 6. Nbd2 Bd6 7. O-O O-O 8. b3
e5 9. cxd5 cxd5 10. dxe5 Nxe5 11. Be2 Bg4 12. Bb2 Nfd7 13. h3 Bh5 14. Bxe5 Nxe5
15. Nxe5 Bxe5 16. Bxh5 Bxa1 17. Qxa1 d4 18. Qxd4 Qxd4 19. exd4 Rad8 20. Bf3
Rxd4 21. Nc4 b6 22. Re1 f6 23. Ne3 Rfd8 24. Nf5 R4d7 25. Ne7+ Kf8 26. Nc6 Re8
27. Rxe8+ Kxe8 28. b4 Rd2 29. a4 Rb2 30. Bg4 a5 31. bxa5 bxa5 32. Nxa5 Ra2 33.
Nb7 g6 34. a5 f5 35. Bf3 Kd7 36. g4 fxg4 37. hxg4 Kc7 38. Kg2 g5 39. Bd5 Ra3
40. Kf1 h6 41. Kg2 Kb8 42. Nd8 Kc7 43. Nb7 Kb8 44. f3 Kc7 45. Be4 Kb8 46. Kf2
Ka7 47. Nd8 Ka6 48. Nf7 Ra2+ 49. Ke3 Rh2 50. Bg6 Kxa5 51. Bh5 Kb5 52. Nxh6 Kc5
53. Nf7 Kd5 54. Nxg5 Ke5 55. f4+ Kf6 56. Ne4+ Ke6 57. Bg6 Ra2 58. Nc5+ Kf6 59.
Bd3 Rg2 60. g5+ Kg7 61. Ne6+ Kf7 62. f5 Rg3+ 63. Kd4 Rh3 64. Be4 Rh8 65. Ke5
Re8 66. g6+ Ke7 67. f6+ Kd7 68. Bc6+ Kxc6 69. f7
1-0

[Event "Bergen Sommer Super-NGP 2019"]
[Site "USF Sardinen, Verftet, Bergen"]
[Date "2019.07.31"]
[Round "7"]
[White "Fossan, Aleksander"]
[Black "Mansoor, Afras"]
[Result "1/2-1/2"]
[WhiteElo "2155"]
[BlackElo "1991"]
[PlyCount "49"]
[EventDate "2019.??.??"]

1. e4 e5 2. Nf3 Nc6 3. Bc4 Nf6 4. d3 Bc5 5. Nc3 d6 6. Bg5 h6 7. Bxf6 Qxf6 8.
Nd5 Qd8 9. c3 O-O 10. b4 Bb6 11. a4 a6 12. Nxb6 cxb6 13. O-O Be6 14. Bb3 Qf6
15. Rb1 Rfd8 16. Qd2 d5 17. exd5 Bxd5 18. Bxd5 Rxd5 19. Qe3 Rad8 20. Qxb6 Rxd3
21. Qxb7 Rxf3 22. gxf3 Qxf3 23. Qc7 Qg4+ 24. Kh1 Qf3+ 25. Kg1
1/2-1/2

[Event "Bergen Sommer Super-NGP 2019"]
[Site "USF Sardinen, Verftet, Bergen"]
[Date "2019.07.31"]
[Round "7"]
[White "Fossan, Benjamin"]
[Black "Sørensen, Simen"]
[Result "1/2-1/2"]
[WhiteElo "1924"]
[BlackElo "1979"]
[PlyCount "70"]
[EventDate "2019.??.??"]

1. e4 c5 2. Nf3 e6 3. b3 d6 4. Bb2 Nf6 5. e5 dxe5 6. Nxe5 a6 7. g3 Be7 8. Bg2
O-O 9. c4 Nbd7 10. Nf3 Rb8 11. O-O b5 12. cxb5 axb5 13. d4 Nd5 14. Nbd2 Ba6 15.
Re1 c4 16. Ne4 Qa5 17. a4 b4 18. bxc4 Bxc4 19. Ned2 Ba6 20. Nb3 Qb6 21. Ne5
Nxe5 22. dxe5 Nc3 23. Qg4 Rfd8 24. Bc1 Bb7 25. Be3 Qa6 26. Bxb7 Qxb7 27. a5 Ra8
28. Bb6 Rdc8 29. Rac1 Qd5 30. Nd4 Bc5 31. Ne2 Bxb6 32. axb6 Qb5 33. Nxc3 Rxc3
34. Rxc3 bxc3 35. Qd4 Rb8
1/2-1/2

[Event "Bergen Sommer Super-NGP 2019"]
[Site "USF Sardinen, Verftet, Bergen"]
[Date "2019.07.31"]
[Round "7"]
[White "Turova, Irina"]
[Black "Martinsen, Stig K"]
[Result "1/2-1/2"]
[WhiteElo "2418"]
[BlackElo "2177"]
[PlyCount "39"]
[EventDate "2019.??.??"]

1. d4 Nf6 2. c4 g6 3. Nc3 Bg7 4. e4 d6 5. Bd3 O-O 6. Nge2 c5 7. d5 e6 8. O-O
Re8 9. h3 exd5 10. exd5 Nfd7 11. f4 f5 12. Bd2 Nf6 13. Qc2 Na6 14. a3 Bd7 15.
Nb5 Bxb5 16. cxb5 Nc7 17. Nc3 Kh8 18. Bc4 Ne4 19. Nxe4 Rxe4 20. Rae1
1/2-1/2

[Event "Bergen Sommer Super-NGP 2019"]
[Site "USF Sardinen, Verftet, Bergen"]
[Date "2019.07.31"]
[Round "7"]
[White "Hina, Ariza"]
[Black "Fossan, Andreas"]
[Result "0-1"]
[WhiteElo "1651"]
[BlackElo "2023"]
[PlyCount "46"]
[EventDate "2019.??.??"]

1. e4 c6 2. d4 d5 3. Nc3 dxe4 4. Nxe4 Nf6 5. Nxf6+ exf6 6. c3 Bd6 7. Be3 O-O 8.
Be2 Re8 9. Nf3 Bg4 10. O-O Nd7 11. h3 Bh5 12. Qc2 Nf8 13. Rae1 Bc7 14. Nh2 Qd6
15. g3 Bg6 16. Bd3 Qd7 17. Kg2 Qd5+ 18. Nf3 Bh5 19. g4 Ng6 20. Be4 Rxe4 21. c4
Rxg4+ 22. hxg4 Nh4+ 23. Kg1 Qxf3
0-1

[Event "Bergen Sommer Super-NGP 2019"]
[Site "USF Sardinen, Verftet, Bergen"]
[Date "2019.07.31"]
[Round "7"]
[White "Johannessen, Heine N"]
[Black "Myren, Matias"]
[Result "1/2-1/2"]
[WhiteElo "1743"]
[BlackElo "1483"]
[PlyCount "132"]
[EventDate "2019.??.??"]

1. d4 d5 2. Nf3 Nf6 3. c4 e6 4. Nc3 Be7 5. Bf4 O-O 6. e3 c6 7. Qc2 Nbd7 8. Rd1
h6 9. a3 dxc4 10. Bxc4 b5 11. Ba2 Bb7 12. O-O a5 13. Bb1 b4 14. axb4 axb4 15.
Na4 Qa5 16. b3 c5 17. Ne5 Be4 18. Qd2 Bxb1 19. Nc6 Qb5 20. Nxe7+ Kh8 21. Rxb1
Rfe8 22. Nxc5 Nxc5 23. dxc5 Rxe7 24. Bd6 Ne4 25. Qd4 Nxd6 26. cxd6 Rd7 27. Rfd1
Rad8 28. Qf4 Qc5 29. h3 e5 30. Qc4 Qxc4 31. bxc4 Rxd6 32. Rxd6 Rxd6 33. Rxb4
Rd1+ 34. Kh2 Rc1 35. Rb7 f6 36. Rc7 Kh7 37. h4 h5 38. c5 Kg6 39. e4 Rc2 40. Kg3
Rc3+ 41. f3 Rc2 42. Kh3 Rc3 43. c6 Kh7 44. Rc8 Kg6 45. c7 Kh7 46. Kh2 Rc2 47.
Kg1 Kg6 48. Kf1 Rc1+ 49. Ke2 Rc2+ 50. Kd3 Rc1 51. g3 Rc6 52. f4 Rc5 53. fxe5
fxe5 54. Re8 Rxc7 55. Rxe5 Ra7 56. Rc5 Kf6 57. Ke3 Ra3+ 58. Kf4 Kg6 59. Rg5+
Kh6 60. e5 g6 61. e6 Ra4+ 62. Ke5 Kg7 63. e7 Ra5+ 64. Kf4 Ra4+ 65. Kf3 Ra3+ 66.
Kg2 Re3
1/2-1/2

[Event "Bergen Sommer Super-NGP 2019"]
[Site "USF Sardinen, Verftet, Bergen"]
[Date "2019.07.31"]
[Round "7"]
[White "Takle, Mikael"]
[Black "Hølleland, Sigve"]
[Result "1/2-1/2"]
[WhiteElo "1737"]
[BlackElo "2092"]
[PlyCount "114"]
[EventDate "2019.??.??"]

1. e4 c5 2. d4 e6 3. d5 d6 4. c4 exd5 5. cxd5 Nf6 6. Nc3 g6 7. f4 Nbd7 8. Nf3
Bg7 9. Bd3 O-O 10. O-O a6 11. Re1 Nb6 12. a4 Bg4 13. a5 Nbd7 14. h3 Bxf3 15.
Qxf3 Re8 16. Be3 b5 17. g4 c4 18. g5 cxd3 19. gxf6 Qxf6 20. Rad1 Ne5 21. Qf2
Nc4 22. Rxd3 Nxe3 23. Qxe3 Rac8 24. e5 dxe5 25. d6 Rcd8 26. d7 Re6 27. fxe5
Rxe5 28. Qxe5 Qxe5 29. Rxe5 Bxe5 30. Nd5 Kf8 31. Nb4 Bxb2 32. Nc6 Bf6 33. Nxd8
Bxd8 34. Rd6 Ke7 35. Rxa6 Kxd7 36. Ra8 b4 37. Kf1 b3 38. Rb8 Bxa5 39. Rxb3 Ke6
40. Kg2 Bc7 41. Kf3 h5 42. Rb4 g5 43. Ra4 f5 44. Rc4 Bd6 45. Ra4 Kf6 46. Rd4
Ke7 47. Rc4 Kd7 48. Ra4 Kc6 49. Ra6+ Kd5 50. Ra5+ Bc5 51. Ra4 Ke5 52. Ra5 Kd4
53. Ra4+ Kd3 54. Ra5 g4+ 55. hxg4 fxg4+ 56. Kg3 Bd6+ 57. Kh4 Bf4
1/2-1/2

[Event "Bergen Sommer Super-NGP 2019"]
[Site "USF Sardinen, Verftet, Bergen"]
[Date "2019.07.31"]
[Round "7"]
[White "Sivertsen, Jarle"]
[Black "Johannessen, Theo N"]
[Result "1/2-1/2"]
[WhiteElo "1605"]
[BlackElo "1504"]
[PlyCount "54"]
[EventDate "2019.??.??"]

1. d4 Nf6 2. c4 g6 3. Nc3 d5 4. cxd5 Nxd5 5. e4 Nxc3 6. bxc3 Bg7 7. Nf3 c5 8.
Be3 Nc6 9. Be2 O-O 10. O-O Bg4 11. Rb1 cxd4 12. cxd4 Bxf3 13. Bxf3 Nxd4 14.
Rxb7 Nxf3+ 15. Qxf3 e6 16. Bc5 Qc8 17. Bxf8 Qxb7 18. Bxg7 Kxg7 19. Qc3+ Kg8 20.
e5 Rc8 21. Qa5 Qb6 22. Qxb6 axb6 23. Rb1 Rc2 24. a3 Ra2 25. Kf1 Rxa3 26. Rxb6
g5 27. Rb4 Ra5
1/2-1/2

[Event "Bergen Sommer Super-NGP 2019"]
[Site "USF Sardinen, Verftet, Bergen"]
[Date "2019.07.31"]
[Round "7"]
[White "Simonsen, Martin Haaland"]
[Black "Evenshaug, Amadeus Hestvik"]
[Result "1/2-1/2"]
[WhiteElo "1615"]
[BlackElo "1769"]
[PlyCount "99"]
[EventDate "2019.??.??"]

1. e4 c5 2. Nf3 e6 3. d4 cxd4 4. Nxd4 a6 5. Nc3 Qc7 6. a3 Nf6 7. Bd3 Be7 8. O-O
O-O 9. Be3 b5 10. h3 Bb7 11. Qd2 Nc6 12. Nxc6 Bxc6 13. Bf4 Qb7 14. Rae1 b4 15.
axb4 Bxb4 16. Be5 Bxc3 17. Qxc3 Ne8 18. Qd2 d6 19. Bc3 Nc7 20. Re3 e5 21. b3
Ne6 22. Bc4 Rfd8 23. Bxe6 fxe6 24. Rfe1 Rac8 25. Ba5 Rd7 26. c4 Rf8 27. Qc2 Qa7
28. f3 Bb7 29. Kh2 Rc8 30. Qe2 Qc5 31. Bc3 h6 32. Rd1 a5 33. Red3 Ra8 34. Qd2
Ra6 35. b4 axb4 36. Bxb4 Qxc4 37. Rxd6 Rdxd6 38. Bxd6 Ra2 39. Qd3 Qxd3 40. Rxd3
Ba6 41. Ra3 Rxa3 42. Bxa3 Kf7 43. Bd6 Kf6 44. g3 Bd3 45. Kg2 h5 46. h4 g6 47.
Kf2 Bc2 48. Ke3 Bd1 49. f4 exf4+ 50. Bxf4
1/2-1/2

[Event "Bergen Sommer Super-NGP 2019"]
[Site "USF Sardinen, Verftet, Bergen"]
[Date "2019.08.01"]
[Round "8"]
[White "Turov, Maxim"]
[Black "Mansoor, Afras"]
[Result "1-0"]
[WhiteElo "2566"]
[BlackElo "1991"]
[PlyCount "85"]
[EventDate "2019.??.??"]

1. d4 Nf6 2. Nf3 g6 3. g3 Bg7 4. Bg2 O-O 5. O-O d6 6. Re1 Nbd7 7. e4 e5 8. a4
c6 9. a5 Qc7 10. b3 Rb8 11. dxe5 Nxe5 12. Nd4 Re8 13. Nc3 Ned7 14. Bf4 Nh5 15.
Be3 b5 16. axb6 axb6 17. Qd2 b5 18. Rad1 b4 19. Na4 Nhf6 20. Bf4 Ne5 21. h3 Rd8
22. g4 h5 23. g5 Ne8 24. Qe3 Ba6 25. Bg3 c5 26. Ne2 Nc6 27. Nxc5 Bxe2 28. Qxe2
Qe7 29. Nd3 Qxg5 30. h4 Qf6 31. Nf4 Nc7 32. Qc4 Qc3 33. Qxc3 Bxc3 34. Re3 Bg7
35. Red3 Na5 36. Rxd6 Rxd6 37. Rxd6 Nb5 38. Rd2 Bh6 39. Rd5 f6 40. Ne6 Nc3 41.
Bxb8 Nxd5 42. exd5 Bf8 43. Bf3 
1-0

[Event "Bergen Sommer Super-NGP 2019"]
[Site "USF Sardinen, Verftet, Bergen"]
[Date "2019.08.01"]
[Round "8"]
[White "Mihajlov, Sebastian"]
[Black "Fossan, Aleksander"]
[Result "1-0"]
[WhiteElo "2375"]
[BlackElo "2155"]
[PlyCount "63"]
[EventDate "2019.??.??"]

1. e4 c5 2. Nf3 Nc6 3. d4 cxd4 4. Nxd4 g6 5. c4 Bg7 6. Be3 Nf6 7. Nc3 d6 8. Be2
O-O 9. f3 Bd7 10. Qd2 Nxd4 11. Bxd4 a5 12. h4 Nh5 13. Bxg7 Nxg7 14. h5 f6 15.
hxg6 hxg6 16. O-O-O Kf7 17. f4 Bc6 18. Qe3 Rh8 19. c5 Rxh1 20. Rxh1 d5 21. exd5
Bxd5 22. Rd1 e6 23. Nxd5 exd5 24. Bc4 Nf5 25. Rxd5 Nxe3 26. Rxd8+ Nxc4 27. Rxa8
Ne3 28. g3 Nf5 29. g4 Nd4 30. Rxa5 Ne2+ 31. Kd2 Nxf4 32. Ra7 
1-0

[Event "Bergen Sommer Super-NGP 2019"]
[Site "USF Sardinen, Verftet, Bergen"]
[Date "2019.08.01"]
[Round "8"]
[White "Frisvold, Ole Emil"]
[Black "Turova, Irina"]
[Result "1/2-1/2"]
[WhiteElo "2127"]
[BlackElo "2418"]
[PlyCount "44"]
[EventDate "2019.??.??"]

1. d4 Nf6 2. c4 e6 3. Nf3 Bb4+ 4. Bd2 a5 5. a3 Bxd2+ 6. Qxd2 d6 7. Nc3 Qe7 8.
e3 e5 9. Qc2 Bg4 10. dxe5 dxe5 11. Bd3 c6 12. Nd2 Nbd7 13. Na4 O-O 14. O-O b6
15. Ne4 Rab8 16. b4 axb4 17. axb4 Rfc8 18. Nxf6+ Nxf6 19. Bf5 Bxf5 20. Qxf5 g6
21. Qc2 b5 22. Nc5 bxc4 
1/2-1/2

[Event "Bergen Sommer Super-NGP 2019"]
[Site "USF Sardinen, Verftet, Bergen"]
[Date "2019.08.01"]
[Round "8"]
[White "Fossan, Andreas"]
[Black "Fossan, Benjamin"]
[Result "1/2-1/2"]
[WhiteElo "2023"]
[BlackElo "1924"]
[PlyCount "44"]
[EventDate "2019.??.??"]

1. d4 d6 2. c4 e5 3. d5 f5 4. e4 Nf6 5. exf5 Bxf5 6. Nc3 Be7 7. Nge2 O-O 8. Ng3
Bg6 9. Bd3 Bf7 10. O-O c6 11. Nf5 cxd5 12. cxd5 Nbd7 13. Be3 Nxd5 14. Nxd5 Bxd5
15. Nxe7+ Qxe7 16. Bxh7+ Kxh7 17. Qxd5 Nf6 18. Qd3+ Kh8 19. Bg5 Qe6 20. Rfd1 d5
21. a4 Ne4 22. Bh4 Qb6 
1/2-1/2

[Event "Bergen Sommer Super-NGP 2019"]
[Site "USF Sardinen, Verftet, Bergen"]
[Date "2019.08.01"]
[Round "8"]
[White "Sørensen, Simen"]
[Black "Eriksen, Lars Erik"]
[Result "0-1"]
[WhiteElo "1979"]
[BlackElo "1896"]
[PlyCount "140"]
[EventDate "2019.??.??"]

1. d4 d5 2. Nf3 Nc6 3. Bf4 Bf5 4. e3 a6 5. Bd3 Bxd3 6. Qxd3 Nf6 7. O-O e6 8.
Nbd2 Bd6 9. Bxd6 cxd6 10. c4 dxc4 11. Nxc4 b5 12. Ncd2 O-O 13. Rac1 Qb6 14. a3
Rac8 15. Ng5 h6 16. Nge4 Nxe4 17. Nxe4 Ne7 18. Qd2 f5 19. Nc3 Rc4 20. Ne2 Rfc8
21. b3 R4c7 22. Nf4 Kf7 23. Nd3 a5 24. Rxc7 Rxc7 25. Rc1 Nd5 26. h3 Rxc1+ 27.
Qxc1 Qc7 28. Qxc7+ Nxc7 29. Kf1 Nd5 30. Nb2 g5 31. Ke2 Ke7 32. Kd3 e5 33. dxe5
dxe5 34. g3 Ke6 35. e4 fxe4+ 36. Kxe4 Nf6+ 37. Kd3 Kd5 38. Nd1 e4+ 39. Kc3 Ke5
40. a4 Nd5+ 41. Kd2 bxa4 42. bxa4 Kd4 43. h4 g4 44. Nb2 Nb6 45. Ke2 h5 46. Kd2
Nd5 47. Ke2 Kc3 48. Nd1+ Kb3 49. Kd2 Kxa4 50. Kc2 Kb4 51. Kb2 Kc4 52. Kc2 Kd4
53. Nb2 Nb6 54. Kb3 a4+ 55. Kb4 Nd5+ 56. Kxa4 e3 57. fxe3+ Nxe3 58. Kb3 Nf5 59.
Kc2 Ke3 60. Kd1 Kf2 61. Nd3+ Kxg3 62. Ke2 Nxh4 63. Kf1 Nf3 64. Nc5 Kh2 65. Nd3
g3 66. Nf4 h4 67. Ne2 g2+ 68. Kf2 g1=Q+ 69. Nxg1 Nxg1 70. Kf1 Nh3 
0-1

[Event "Bergen Sommer Super-NGP 2019"]
[Site "USF Sardinen, Verftet, Bergen"]
[Date "2019.08.01"]
[Round "8"]
[White "Martinsen, Stig K"]
[Black "Johannessen, Heine N"]
[Result "1-0"]
[WhiteElo "2177"]
[BlackElo "1743"]
[PlyCount "37"]
[EventDate "2019.??.??"]

1. d4 Nf6 2. c4 g6 3. f3 e5 4. dxe5 Nh5 5. Nh3 Qh4+ 6. g3 Bb4+ 7. Nd2 Qxc4 8.
a3 Ba5 9. b4 Qc3 10. Rb1 Bb6 11. Bb2 Qc6 12. g4 Ng7 13. Rc1 Qe6 14. Nf4 Qe7 15.
h4 O-O 16. Nd5 Qd8 17. Ne4 h5 18. Nef6+ Kh8 19. Qd2 
1-0

[Event "Bergen Sommer Super-NGP 2019"]
[Site "USF Sardinen, Verftet, Bergen"]
[Date "2019.08.01"]
[Round "8"]
[White "Flatebø, Hallvard Haug"]
[Black "Takle, Mikael"]
[Result "0-1"]
[WhiteElo "1857"]
[BlackElo "1737"]
[PlyCount "90"]
[EventDate "2019.??.??"]

1. d4 e6 2. Nf3 f5 3. c4 Nf6 4. Nc3 d6 5. g3 Be7 6. Bg2 O-O 7. O-O Ne4 8. Qc2
Nxc3 9. Qxc3 a5 10. b3 Bf6 11. Bb2 Nc6 12. Rad1 Qe8 13. Qd2 e5 14. dxe5 dxe5
15. a3 Be6 16. Qc2 Qf7 17. e4 f4 18. gxf4 exf4 19. Bxf6 Qxf6 20. Rfe1 g5 21. e5
Qh6 22. Nd4 Nxd4 23. Rxd4 f3 24. Bh1 Qh3 25. Qd2 h6 26. Re3 c5 27. Rde4 Rad8
28. Qe1 b6 29. a4 g4 30. Qf1 Qxf1+ 31. Kxf1 Rd1+ 32. Re1 Rxe1+ 33. Kxe1 h5 34.
Kd2 Kg7 35. Kc3 Kg6 36. Re3 Rf7 37. h3 Kg5 38. hxg4 hxg4 39. Kc2 Kf4 40. Re1
Rh7 41. Kd3 Rh2 42. Rf1 Bf5+ 43. Kc3 Kxe5 44. Kd2 Kf4 45. Kc3 Be4 
0-1

[Event "Bergen Sommer Super-NGP 2019"]
[Site "USF Sardinen, Verftet, Bergen"]
[Date "2019.08.01"]
[Round "8"]
[White "Hølleland, Sigve"]
[Black "Myren, Matias"]
[Result "1-0"]
[WhiteElo "2092"]
[BlackElo "1483"]
[PlyCount "67"]
[EventDate "2019.??.??"]

1. c4 c6 2. d4 d5 3. Nc3 Nf6 4. cxd5 cxd5 5. f3 e6 6. e4 dxe4 7. fxe4 Bb4 8.
Bd3 O-O 9. Nf3 Nc6 10. Bc2 b6 11. Bg5 h6 12. Bh4 g5 13. e5 Ba6 14. Qd2 Nh7 15.
Bf2 f5 16. exf6 Qxf6 17. O-O-O Rac8 18. Rhe1 Ne7 19. Qe3 Bxc3 20. bxc3 Nd5 21.
Qxe6+ Qxe6 22. Rxe6 Rxc3 23. Rg6+ Kh8 24. Be1 Rc7 25. Bg3 Rc4 26. Be5+ Nhf6 27.
Rxh6+ Kg8 28. Rg6+ Kh8 29. Kb2 Ne3 30. Rc1 Ned5 31. Be4 Rxc1 32. Kxc1 Bb7 33.
Nxg5 Rc8+ 34. Kb2 
1-0

[Event "Bergen Sommer Super-NGP 2019"]
[Site "USF Sardinen, Verftet, Bergen"]
[Date "2019.08.01"]
[Round "8"]
[White "Rynning, Rune Kleiven"]
[Black "Hina, Ariza"]
[Result "0-1"]
[WhiteElo "1620"]
[BlackElo "1651"]
[PlyCount "94"]
[EventDate "2019.??.??"]

1. d4 d5 2. c4 e6 3. Nf3 Nf6 4. g3 Nbd7 5. Bg2 c6 6. Qc2 Be7 7. Nbd2 O-O 8. O-O
c5 9. e4 b6 10. e5 Ne8 11. Re1 Bb7 12. h4 Rc8 13. b3 dxc4 14. Ng5 Bxg5 15. Bxb7
Bxd2 16. Bxd2 Rc7 17. Be4 cxb3 18. Bxh7+ Kh8 19. Qe4 f5 20. exf6 Nexf6 21. Bg5
Qc8 22. Qxe6 Kxh7 23. h5 b2 24. Qf5+ Kh8 25. Rad1 cxd4 26. h6 Nc5 27. hxg7+
Kxg7 28. Bxf6+ Rxf6 29. Re7+ Rxe7 30. Qxc8 Rfe6 31. Kg2 Re1 32. Qg4+ Kh6 33.
Qf4+ Kg6 34. Qg4+ Kh6 35. Qh4+ Kg6 36. Rxd4 b1=Q 37. Rg4+ Kf7 38. Qh5+ Ke6 39.
Qh6+ Kd7 40. Rd4+ Kc7 41. Qd6+ Kb7 42. Qd5+ Ka6 43. Qc4+ Qb5 44. Qc3 Qc6+ 45.
f3 Qb5 46. Qa3+ Qa5 47. Qb2 R1e2+ 
0-1

[Event "Bergen Sommer Super-NGP 2019"]
[Site "USF Sardinen, Verftet, Bergen"]
[Date "2019.08.01"]
[Round "8"]
[White "Sivertsen, Jarle"]
[Black "Simonsen, Martin Haaland"]
[Result "1-0"]
[WhiteElo "1605"]
[BlackElo "1615"]
[PlyCount "45"]
[EventDate "2019.??.??"]

1. d4 d5 2. Bg5 Nf6 3. Bxf6 exf6 4. e3 Bd6 5. c4 dxc4 6. Bxc4 O-O 7. Nd2 c6 8.
h4 Nd7 9. Ngf3 Nb6 10. Bb3 Be6 11. h5 Nd5 12. h6 g6 13. Nc4 Bb4+ 14. Nfd2 Re8
15. a3 Bf8 16. Nf3 Nf4 17. Qc2 Nxg2+ 18. Kf1 Bxc4+ 19. Qxc4 Qd7 20. Kxg2 Qg4+
21. Kf1 Qxf3 22. Qxf7+ Kh8 23. Qg8# 
1-0

[Event "Bergen Sommer Super-NGP 2019"]
[Site "USF Sardinen, Verftet, Bergen"]
[Date "2019.08.01"]
[Round "8"]
[White "Johannessen, Theo N"]
[Black "Evenshaug, Amadeus Hestvik"]
[Result "0-1"]
[WhiteElo "1504"]
[BlackElo "1769"]
[PlyCount "106"]
[EventDate "2019.??.??"]

1. d4 d5 2. Nf3 Nf6 3. c4 c6 4. Nc3 e6 5. Bg5 Bb4 6. Qc2 O-O 7. Rd1 Re8 8. e3
Nbd7 9. a3 Bxc3+ 10. Qxc3 Qb6 11. c5 Qc7 12. Bf4 Qd8 13. Bd3 b5 14. b4 Bb7 15.
O-O a5 16. Nd2 Nh5 17. Bd6 f5 18. Nb3 axb4 19. axb4 Qh4 20. Na5 Ra7 21. g3 Qh3
22. Rfe1 Nhf6 23. Bf1 Ne4 24. Bxh3 Nxc3 25. Ra1 Na4 26. g4 g6 27. Bf1 Rc8 28.
gxf5 gxf5 29. Bd3 Rca8 30. f3 Nb2 31. Bf1 Nf6 32. Re2 Nc4 33. Rg2+ Kf7 34. Bxc4
dxc4 35. Be5 Nd5 36. Rg7+ Kf8 37. Rb1 Bc8 38. Rxa7 Rxa7 39. Nxc6 Ra2 40. e4 Ne3
41. d5 exd5 42. exd5 Nxd5 43. Rd1 Be6 44. Nd4 Kf7 45. Nxf5 Bxf5 46. Rxd5 Ke6
47. Rd8 Kxe5 48. c6 c3 49. c7 Bc8 50. Rxc8 Kd6 51. Rd8+ Kxc7 52. Rd1 Rd2 53.
Rc1 c2 
0-1